000 00315nam a2200121Ia 4500
008 240731s9999 xx 000 0 und d
022 _a2305-1159
245 0 _aSouth African Journal of African Languages
260 _bRoutledge
856 _uhttps://www.tandfonline.com/loi/rjal20
942 _2ddc
942 _cTFEJ
999 _c79464
_d79464
945 _a1
_bMadushi Gamage
_c1
_dMadushi Gamage